|
|
|
|
| LEADER |
00000cam a2200000 7i4500 |
| 001 |
0000006037 |
| 005 |
20140624093000.0 |
| 008 |
021119s2003 enk eng |
| 020 |
|
|
|a 0421838302 (paperback : alk. paper)
|
| 020 |
|
|
|a 9780421838307 (paperback : alk. paper)
|
| 050 |
0 |
0 |
|a d16 KD667
|b .C65 2003
|
| 090 |
0 |
0 |
|a d16 KD667
|b .C65 2003
|
| 100 |
1 |
|
|a Morgan, Richard ,
|e author
|
| 245 |
1 |
0 |
|a Data protection strategy :
|b implementing data protection compliance
|c by Richard Morgan and Ruth Boardman
|
| 260 |
|
|
|a London :
|b Sweet & Maxwell ,
|c c2003
|
| 300 |
|
|
|a xxviii, 148 p. :
|b ill. ;
|c 25 cm.
|
| 505 |
0 |
|
|a 1. How to use this book -- 2. Processing data -- 3. Consequences of failure -- 4. Preparations for audit -- 5. The audit -- 6. Basic compliance 1: the strategy, its promulgation and enforcement -- 7. Basic compliance 2: notification -- 8. Principle 1: fairly and lawfully -- 9. Principles 2 to 5:data quality -- 10. Principle 6: data subjects' rights -- 11. Principle 7: security -- 12. Principle 8: transborder dataflows -- 13. Special cases -- 14. Electronic mail -- 15. Maintaining data protection compliance -- 16. Checklist for the data protection officer and others
|
| 650 |
|
0 |
|a Data Protection Act 1998 (Great Britain)
|
| 650 |
|
0 |
|a Data protection
|x Law and legislation
|
| 650 |
|
0 |
|a Data protection
|x Law and legislation
|z Great Britain
|
| 650 |
|
0 |
|a Great Britain
|
| 650 |
|
0 |
|a Great Britain
|x Data Protection Act 1998
|
| 700 |
1 |
|
|a Boardman, Ruth ,
|e author
|
| 999 |
|
|
|a 1000105506
|b Book
|c OPEN SHELF (30 DAYS)
|e Gong Badak Campus
|